[Event "DVM U20 2020"]
[Site "Willingen GER"]
[Date "2021.06.24"]
[Round "1"]
[White "Stelmaszyk, Nico"]
[Black "Suvorov, Alexander"]
[Result "1-0"]
[Termination "normal"]
[Board "1.1"]
[WhiteTitle "FM"]
[BlackTitle "FM"]
[WhiteElo "2299"]
[BlackElo "2353"]
[WhiteClock "00:07:15"]
[BlackClock "00:01:18"]
[WhiteTeam "SK Lehrte von 1919 e. V."]
[BlackTeam "Schachgemeinschaft Porz e. V."]
[PlyCount "96"]
[WhiteFideId "16200462"]
[BlackFideId "12977063"]
[EventCountry "GER"]
[EventRounds "7"]
[EventType "team-swiss"]
[EventDate "2021.06.23"]

1. e4 {[%clk 01:30:57]} {[%emt 00:00:02]} c5 {[%clk 01:30:48]} {[%emt
00:00:13]} 2. c3 {[%clk 01:31:22]} {[%emt 00:00:05]} Nf6 {[%clk 01:31:04]}
{[%emt 00:00:15]} 3. e5 {[%clk 01:31:36]} {[%emt 00:00:15]} Nd5 {[%clk
01:31:19]} {[%emt 00:00:15]} 4. Nf3 {[%clk 01:31:51]} {[%emt 00:00:16]} e6
{[%clk 01:31:31]} {[%emt 00:00:17]} 5. d4 {[%clk 01:32:13]} {[%emt 00:00:07]}
cxd4 {[%clk 01:31:47]} {[%emt 00:00:14]} 6. cxd4 {[%clk 01:32:37]} {[%emt
00:00:07]} d6 {[%clk 01:31:57]} {[%emt 00:00:20]} 7. Bc4 {[%clk 01:33:00]}
{[%emt 00:00:08]} Be7 {[%clk 01:32:05]} {[%emt 00:00:21]} 8. O-O {[%clk
01:33:23]} {[%emt 00:00:07]} O-O {[%clk 01:32:18]} {[%emt 00:00:17]} 9. Qe2
{[%clk 01:33:47]} {[%emt 00:00:06]} b6 {[%clk 01:32:05]} {[%emt 00:00:43]} 10.
Rd1 {[%clk 01:34:09]} {[%emt 00:00:08]} Bb7 {[%clk 01:29:46]} {[%emt 00:02:54]}
11. Bxd5 {[%clk 01:34:24]} {[%emt 00:00:15]} Bxd5 {[%clk 01:22:14]} {[%emt
00:10:43]} 12. Nc3 {[%clk 01:34:48]} Bxf3 13. Qxf3 {[%clk 01:35:12]} d5 {[%clk
01:11:41]} 14. Qg4 {[%clk 01:35:34]} f5 {[%clk 00:49:49]} {[%emt 00:20:36]} 15.
exf6 {[%clk 01:32:53]} {[%emt 00:03:10]} Rxf6 {[%clk 00:49:38]} {[%emt
00:00:40]} 16. Bf4 {[%clk 01:26:15]} {[%emt 00:07:09]} Nc6 {[%clk 00:40:49]}
{[%emt 00:09:19]} 17. Rd3 {[%clk 01:10:13]} {[%emt 00:16:32]} Qf8 {[%clk
00:25:20]} {[%emt 00:16:00]} 18. Bg3 {[%clk 01:01:22]} {[%emt 00:09:21]} Bd6
{[%clk 00:18:34]} {[%emt 00:07:16]} 19. Re1 {[%clk 00:55:15]} {[%emt 00:06:36]}
Re8 {[%clk 00:16:32]} {[%emt 00:02:32]} 20. Rde3 {[%clk 00:51:44]} {[%emt
00:04:01]} Bxg3 {[%clk 00:07:42]} {[%emt 00:09:21]} 21. hxg3 {[%clk 00:50:44]}
{[%emt 00:01:29]} Qd6 {[%clk 00:06:58]} {[%emt 00:01:14]} 22. a3 {[%clk
00:46:44]} {[%emt 00:04:32]} a6 {[%clk 00:06:15]} {[%emt 00:01:11]} 23. Ne2
{[%clk 00:42:34]} {[%emt 00:04:40]} Rf7 {[%clk 00:01:45]} {[%emt 00:05:01]} 24.
Nc1 {[%clk 00:33:40]} {[%emt 00:09:23]} e5 {[%clk 00:01:07]} {[%emt 00:01:08]}
25. dxe5 {[%clk 00:25:37]} {[%emt 00:10:36]} Nxe5 {[%clk 00:01:36]} 26. Qe2
{[%clk 00:21:09]} {[%emt 00:10:47]} Rfe7 {[%clk 00:01:03]} 27. Qxa6 {[%clk
00:21:36]} d4 {[%clk 00:00:55]} 28. Re4 {[%clk 00:19:06]} Ng6 29. Rxe7 Rxe7
{[%clk 00:01:16]} 30. Qc8+ {[%clk 00:13:39]} {[%emt 00:06:06]} Kf7 {[%clk
00:01:41]} 31. Qc4+ {[%clk 00:13:12]} Kf6 {[%clk 00:01:15]} {[%emt 00:00:02]}
32. Rd1 {[%clk 00:12:57]} {[%emt 00:00:18]} Rd7 {[%clk 00:00:50]} {[%emt
00:00:11]} 33. Ne2 {[%clk 00:09:22]} {[%emt 00:04:04]} d3 {[%clk 00:01:14]}
{[%emt 00:00:07]} 34. Nc3 {[%clk 00:09:36]} {[%emt 00:00:16]} Qd4 {[%clk
00:01:05]} {[%emt 00:00:38]} 35. Qc6+ {[%clk 00:04:38]} {[%emt 00:05:28]} Kf5
{[%clk 00:00:49]} {[%emt 00:00:47]} 36. Qf3+ {[%clk 00:04:40]} {[%emt
00:00:28]} Kg5 {[%clk 00:00:49]} {[%emt 00:00:30]} 37. Ne4+ {[%clk 00:04:46]}
{[%emt 00:00:24]} Kh6 {[%clk 00:01:16]} {[%emt 00:00:05]} 38. g4 {[%clk
00:04:02]} {[%emt 00:01:13]} Nh4 {[%clk 00:01:25]} {[%emt 00:00:21]} 39. Qf4+
{[%clk 00:03:05]} {[%emt 00:01:25]} Kg6 {[%clk 00:01:54]} {[%emt 00:00:01]} 40.
Rc1 {[%clk 00:02:01]} {[%emt 00:01:34]} h6 {[%clk 00:00:46]} {[%emt 00:02:09]}
41. Kh1 {[%clk 00:20:24]} {[%emt 00:18:14]} Kh7 {[%clk 00:16:12]} {[%emt
00:09:28]} 42. g3 {[%clk 00:12:13]} {[%emt 00:08:41]} Ng6 {[%clk 00:02:52]}
{[%emt 00:13:50]} 43. Qf5 {[%clk 00:10:14]} {[%emt 00:02:28]} d2 {[%clk
00:01:47]} {[%emt 00:01:35]} 44. Rd1 {[%clk 00:08:53]} {[%emt 00:01:51]} Re7
{[%clk 00:01:54]} {[%emt 00:00:23]} 45. Nc3 {[%clk 00:08:21]} {[%emt 00:01:02]}
Re5 {[%clk 00:01:03]} {[%emt 00:01:21]} 46. Qf3 {[%clk 00:08:07]} {[%emt
00:00:44]} Re1+ {[%clk 00:01:17]} {[%emt 00:00:16]} 47. Kh2 {[%clk 00:08:20]}
{[%emt 00:00:17]} Ne5 {[%clk 00:01:16]} {[%emt 00:00:30]} 48. Qf5+ {[%clk
00:07:15]} {[%emt 00:01:35]} g6 {[%clk 00:01:18]} {[%emt 00:00:28]} 49. Qf8
Nxg4+ 50. Kg2 Nf6 51. Qf7+ Kh8 52. Qxg6 Ne4 53. Nxe4 Rxd1 54. Nf6 Rg1+ 55. Kxg1
d1=Q+ 56. Kg2 Qd5+ 57. Nxd5 Qxd5+ 58. Kh2 1-0

[Event "DVM U20 2020"]
[Site "Willingen GER"]
[Date "2021.06.24"]
[Round "1"]
[White "Suvorov, Luca"]
[Black "Meiwes, Thore"]
[Result "1-0"]
[Termination "normal"]
[Board "1.2"]
[WhiteTitle "FM"]
[WhiteElo "2279"]
[BlackElo "2054"]
[WhiteClock "00:16:16"]
[BlackClock "00:21:38"]
[WhiteTeam "Schachgemeinschaft Porz e. V."]
[BlackTeam "SK Lehrte von 1919 e. V."]
[PlyCount "95"]
[WhiteFideId "12977071"]
[BlackFideId "16201256"]
[EventCountry "GER"]
[EventRounds "7"]
[EventType "team-swiss"]
[EventDate "2021.06.23"]

1. d4 {[%clk 01:30:58]} {[%emt 00:00:01]} Nf6 {[%clk 01:30:53]} {[%emt
00:00:07]} 2. c4 {[%clk 01:31:23]} {[%emt 00:00:05]} e6 {[%clk 01:31:17]}
{[%emt 00:00:07]} 3. Nc3 {[%clk 01:31:38]} {[%emt 00:00:14]} Bb4 {[%clk
01:31:39]} {[%emt 00:00:08]} 4. e3 {[%clk 01:32:04]} {[%emt 00:00:05]} O-O
{[%clk 01:31:51]} {[%emt 00:00:16]} 5. Nge2 {[%clk 01:32:31]} {[%emt 00:00:05]}
Re8 {[%clk 01:32:05]} {[%emt 00:00:15]} 6. a3 {[%clk 01:32:41]} {[%emt
00:00:21]} Bf8 {[%clk 01:32:25]} {[%emt 00:00:08]} 7. Ng3 {[%clk 01:33:01]}
{[%emt 00:00:11]} d5 {[%clk 01:32:35]} {[%emt 00:00:19]} 8. Be2 {[%clk
01:33:15]} {[%emt 00:00:17]} dxc4 {[%clk 01:32:45]} {[%emt 00:00:21]} 9. O-O
{[%emt 00:15:02]} c5 10. dxc5 {[%clk 01:28:12]} Bxc5 {[%clk 01:32:50]} 11. Bxc4
{[%clk 01:27:58]} Nbd7 {[%clk 01:32:55]} 12. b4 {[%clk 01:24:55]} Be7 {[%clk
01:32:50]} 13. Bb2 {[%clk 01:15:22]} {[%emt 00:10:55]} b6 {[%clk 01:29:49]}
{[%emt 00:00:04]} 14. Qe2 {[%clk 01:08:00]} {[%emt 00:07:38]} a5 {[%clk
01:26:48]} {[%emt 00:03:30]} 15. b5 {[%clk 01:02:36]} {[%emt 00:05:56]} Nc5
{[%clk 01:22:55]} {[%emt 00:04:22]} 16. e4 {[%clk 00:55:25]} {[%emt 00:07:42]}
Bb7 {[%clk 01:16:55]} {[%emt 00:06:29]} 17. Rad1 {[%clk 00:35:30]} {[%emt
00:20:26]} Qc7 {[%clk 01:16:10]} {[%emt 00:01:14]} 18. e5 {[%clk 00:31:15]}
{[%emt 00:04:46]} Nfd7 {[%clk 01:16:07]} {[%emt 00:00:31]} 19. f4 {[%clk
00:29:27]} {[%emt 00:02:20]} Rad8 {[%clk 01:13:14]} {[%emt 00:03:22]} 20. Rde1
{[%clk 00:23:17]} {[%emt 00:06:41]} Nf8 {[%clk 00:58:56]} {[%emt 00:14:48]} 21.
f5 {[%clk 00:16:58]} {[%emt 00:06:50]} exf5 {[%clk 00:47:00]} {[%emt 00:12:25]}
22. Nxf5 {[%clk 00:14:55]} {[%emt 00:02:33]} Nce6 {[%clk 00:44:37]} {[%emt
00:02:52]} 23. Kh1 {[%clk 00:13:09]} {[%emt 00:02:17]} Bc5 {[%clk 00:38:12]}
{[%emt 00:06:55]} 24. Ne4 {[%clk 00:10:43]} {[%emt 00:02:56]} Bxe4 {[%clk
00:33:54]} {[%emt 00:04:48]} 25. Qxe4 {[%clk 00:11:10]} {[%emt 00:00:03]} Rd7
{[%clk 00:32:22]} {[%emt 00:02:02]} 26. Bd5 {[%clk 00:05:42]} {[%emt 00:05:59]}
Red8 {[%clk 00:31:28]} {[%emt 00:01:22]} 27. Bc6 {[%clk 00:05:40]} {[%emt
00:00:34]} Rd2 {[%clk 00:28:06]} {[%emt 00:03:52]} 28. Bc1 {[%clk 00:05:17]}
{[%emt 00:00:53]} R2d3 {[%clk 00:27:21]} {[%emt 00:01:12]} 29. h4 {[%clk
00:03:33]} {[%emt 00:04:25]} R8d4 {[%clk 00:16:02]} {[%emt 00:10:48]} 30. Qe2
{[%clk 00:03:09]} {[%emt 00:00:20]} Qd8 {[%clk 00:16:31]} 31. Be4 {[%clk
00:02:24]} {[%emt 00:00:46]} Rb3 {[%clk 00:11:50]} {[%emt 00:06:06]} 32. Qg4
{[%clk 00:02:38]} {[%emt 00:00:10]} Ng6 {[%clk 00:09:01]} {[%emt 00:02:25]} 33.
Nxd4 {[%clk 00:02:02]} {[%emt 00:01:07]} Bxd4 {[%clk 00:07:52]} {[%emt
00:01:39]} 34. Bxg6 {[%clk 00:01:51]} {[%emt 00:00:42]} hxg6 {[%clk 00:08:13]}
{[%emt 00:00:08]} 35. Bg5 {[%clk 00:01:38]} {[%emt 00:00:43]} Qc7 {[%clk
00:06:58]} {[%emt 00:01:45]} 36. a4 {[%clk 00:01:21]} {[%emt 00:00:48]} Rb4
{[%clk 00:07:08]} {[%emt 00:00:20]} 37. Qf3 {[%clk 00:01:05]} {[%emt 00:00:45]}
Nxg5 {[%clk 00:05:26]} {[%emt 00:02:12]} 38. hxg5 {[%clk 00:01:33]} {[%emt
00:00:03]} Bxe5 {[%clk 00:05:35]} {[%emt 00:00:21]} 39. Re4 {[%clk 00:01:25]}
{[%emt 00:00:38]} Rb2 {[%clk 00:03:34]} {[%emt 00:02:31]} 40. Rfe1 {[%clk
00:00:44]} {[%emt 00:01:10]} f6 {[%clk 00:03:23]} {[%emt 00:00:40]} 41. Qd3
{[%clk 00:20:54]} {[%emt 00:10:21]} Rc2 {[%clk 00:23:11]} {[%emt 00:10:41]} 42.
Qb3+ {[%clk 00:17:15]} {[%emt 00:04:10]} Kf8 {[%clk 00:22:53]} {[%emt
00:00:47]} 43. Rxe5 {[%clk 00:16:55]} {[%emt 00:00:51]} fxe5 {[%clk 00:22:15]}
{[%emt 00:01:08]} 44. Rf1+ {[%clk 00:17:14]} {[%emt 00:00:11]} Ke8 {[%clk
00:21:40]} {[%emt 00:01:03]} 45. Qg8+ {[%clk 00:17:29]} {[%emt 00:00:17]} Kd7
{[%clk 00:20:55]} {[%emt 00:01:13]} 46. Rf7+ {[%clk 00:16:23]} {[%emt
00:01:37]} Kd6 {[%clk 00:21:16]} {[%emt 00:00:09]} 47. Rxc7 {[%clk 00:15:51]}
{[%emt 00:01:04]} Rxc7 {[%clk 00:21:38]} {[%emt 00:00:07]} 48. Qd8+ {[%clk
00:16:16]} {[%emt 00:00:04]} 1-0

[Event "DVM U20 2020"]
[Site "Willingen GER"]
[Date "2021.06.24"]
[Round "1"]
[White "Reimer, Philip"]
[Black "Fieberg, Samuel"]
[Result "1/2-1/2"]
[Termination "normal"]
[Board "1.3"]
[BlackTitle "FM"]
[WhiteElo "1993"]
[BlackElo "2180"]
[WhiteClock "00:03:47"]
[BlackClock "00:17:21"]
[WhiteTeam "SK Lehrte von 1919 e. V."]
[BlackTeam "Schachgemeinschaft Porz e. V."]
[PlyCount "126"]
[WhiteFideId "16235860"]
[BlackFideId "12901717"]
[EventCountry "GER"]
[EventRounds "7"]
[EventType "team-swiss"]
[EventDate "2021.06.23"]

1. d4 {[%clk 01:30:56]} {[%emt 00:00:03]} d5 {[%clk 01:30:49]} {[%emt
00:00:11]} 2. c4 {[%clk 01:31:21]} {[%emt 00:00:05]} c6 {[%clk 01:31:08]}
{[%emt 00:00:11]} 3. cxd5 {[%clk 01:31:39]} {[%emt 00:00:12]} cxd5 {[%clk
01:31:32]} {[%emt 00:00:06]} 4. Nc3 {[%clk 01:32:02]} {[%emt 00:00:06]} Nf6
{[%clk 01:30:20]} {[%emt 00:01:43]} 5. f3 {[%clk 01:32:26]} {[%emt 00:00:07]}
Nc6 {[%clk 01:29:38]} {[%emt 00:01:11]} 6. e4 {[%clk 01:32:49]} {[%emt
00:00:07]} e6 {[%clk 01:26:56]} {[%emt 00:14:03]} 7. e5 {[%clk 01:33:05]} Nd7
{[%clk 01:27:21]} 8. f4 {[%clk 01:33:20]} a6 {[%clk 01:25:50]} 9. Nf3 {[%clk
01:31:51]} g6 {[%clk 01:17:06]} {[%emt 00:04:03]} 10. Bd3 {[%clk 01:28:27]}
{[%emt 00:06:52]} h5 {[%clk 01:12:42]} {[%emt 00:00:50]} 11. Be3 {[%clk
01:18:17]} {[%emt 00:10:40]} Ne7 {[%clk 00:57:24]} {[%emt 00:15:48]} 12. O-O
{[%clk 01:15:58]} {[%emt 00:02:50]} Nf5 {[%clk 00:55:41]} {[%emt 00:02:12]} 13.
Bf2 {[%clk 01:14:52]} {[%emt 00:01:37]} Be7 {[%clk 00:55:46]} {[%emt 00:00:24]}
14. g3 {[%clk 01:07:52]} {[%emt 00:07:31]} Nb8 {[%clk 00:47:20]} {[%emt
00:08:54]} 15. Qe2 {[%clk 01:01:57]} {[%emt 00:06:26]} Nc6 {[%clk 00:46:39]}
{[%emt 00:01:11]} 16. Rad1 {[%clk 00:55:50]} {[%emt 00:06:37]} Bd7 {[%clk
00:41:31]} {[%emt 00:05:37]} 17. h3 {[%clk 00:47:58]} {[%emt 00:08:23]} Nh6
{[%clk 00:37:42]} {[%emt 00:04:19]} 18. Kg2 {[%clk 00:38:36]} {[%emt 00:09:52]}
Qb6 {[%clk 00:30:35]} {[%emt 00:07:36]} 19. Rh1 {[%clk 00:28:56]} {[%emt
00:10:10]} O-O-O {[%clk 00:27:09]} {[%emt 00:03:56]} 20. Rb1 {[%clk 00:25:15]}
{[%emt 00:04:12]} Nb4 {[%clk 00:23:54]} {[%emt 00:03:44]} 21. a3 {[%clk
00:17:54]} {[%emt 00:07:52]} Nxd3 {[%clk 00:24:17]} {[%emt 00:00:06]} 22. Qxd3
{[%clk 00:18:21]} {[%emt 00:00:04]} Kb8 {[%clk 00:19:53]} {[%emt 00:04:53]} 23.
b4 {[%clk 00:17:56]} {[%emt 00:00:56]} Bb5 {[%clk 00:14:01]} {[%emt 00:06:22]}
24. Qd2 {[%clk 00:12:46]} {[%emt 00:05:40]} Rc8 {[%clk 00:13:18]} {[%emt
00:03:06]} 25. a4 {[%clk 00:11:44]} Bc4 {[%clk 00:13:26]} {[%emt 00:00:02]} 26.
a5 {[%clk 00:11:35]} {[%emt 00:10:46]} Qc6 {[%clk 00:11:20]} 27. Rhc1 {[%clk
00:10:24]} Qd7 {[%clk 00:11:32]} 28. Ne1 {[%clk 00:07:40]} Rhg8 {[%clk
00:10:25]} {[%emt 00:00:15]} 29. h4 {[%clk 00:06:20]} {[%emt 00:06:50]} Bb5
{[%clk 00:05:55]} {[%emt 00:00:07]} 30. Nd3 {[%clk 00:05:28]} {[%emt 00:00:26]}
Rc4 {[%clk 00:05:34]} {[%emt 00:00:43]} 31. Nc5 {[%clk 00:04:20]} {[%emt
00:01:39]} Qc6 {[%clk 00:05:23]} {[%emt 00:00:41]} 32. Kh3 {[%clk 00:01:41]}
{[%emt 00:03:11]} Rd8 {[%clk 00:04:53]} {[%emt 00:00:57]} 33. Ne2 {[%clk
00:01:16]} {[%emt 00:00:55]} Nf5 {[%clk 00:04:30]} {[%emt 00:00:53]} 34. Ng1
{[%clk 00:00:43]} {[%emt 00:01:03]} Rxc1 {[%clk 00:02:51]} {[%emt 00:02:10]}
35. Rxc1 {[%clk 00:01:04]} {[%emt 00:00:09]} Bc4 {[%clk 00:03:11]} {[%emt
00:00:09]} 36. Qb2 {[%clk 00:00:39]} {[%emt 00:00:56]} Qb5 {[%clk 00:02:48]}
{[%emt 00:00:53]} 37. Kh2 {[%clk 00:00:39]} {[%emt 00:00:34]} Ka7 {[%clk
00:00:46]} {[%emt 00:02:28]} 38. Qc3 {[%clk 00:00:51]} {[%emt 00:00:18]} Rc8
{[%clk 00:00:41]} {[%emt 00:00:35]} 39. Nf3 {[%clk 00:00:35]} {[%emt 00:00:46]}
Qe8 {[%clk 00:00:42]} {[%emt 00:00:28]} 40. Qd2 {[%clk 00:00:36]} {[%emt
00:00:30]} Rc6 {[%clk 00:00:32]} {[%emt 00:00:41]} 41. Qc3 {[%clk 00:16:57]}
{[%emt 00:16:53]} Qd8 {[%clk 00:28:54]} 42. Nd2 {[%clk 00:16:38]} {[%emt
00:00:13]} Bb5 {[%clk 00:26:56]} {[%emt 00:02:26]} 43. Nb1 {[%clk 00:15:47]}
{[%emt 00:01:21]} Ng7 {[%clk 00:23:57]} {[%emt 00:03:30]} 44. Na3 {[%clk
00:15:06]} {[%emt 00:01:12]} Ne8 {[%clk 00:23:53]} {[%emt 00:00:33]} 45. Nxb5+
{[%clk 00:10:39]} {[%emt 00:04:57]} axb5 {[%clk 00:24:00]} {[%emt 00:00:24]}
46. Qd3 {[%clk 00:10:42]} {[%emt 00:00:26]} Nc7 {[%clk 00:24:15]} {[%emt
00:00:13]} 47. Be1 {[%clk 00:09:54]} {[%emt 00:01:20]} Qe8 {[%clk 00:23:36]}
{[%emt 00:01:08]} 48. Kg2 {[%clk 00:09:20]} {[%emt 00:01:04]} Bxc5 {[%clk
00:22:13]} {[%emt 00:01:54]} 49. dxc5 {[%clk 00:07:43]} {[%emt 00:02:06]} d4
{[%clk 00:19:57]} {[%emt 00:02:47]} 50. Qxd4 {[%clk 00:07:36]} {[%emt
00:00:38]} Nd5 {[%clk 00:20:09]} {[%emt 00:00:18]} 51. Rd1 {[%clk 00:07:25]}
{[%emt 00:00:41]} Ka6 {[%clk 00:20:06]} {[%emt 00:00:33]} 52. Kh3 {[%clk
00:07:29]} {[%emt 00:00:26]} Rc8 {[%clk 00:20:20]} {[%emt 00:00:15]} 53. Bf2
{[%clk 00:05:35]} {[%emt 00:02:25]} Qc6 {[%clk 00:20:43]} {[%emt 00:00:06]} 54.
Kh2 {[%clk 00:05:04]} {[%emt 00:01:01]} Rc7 {[%clk 00:20:48]} {[%emt 00:00:24]}
55. Qe4 {[%clk 00:04:29]} {[%emt 00:01:06]} Rd7 {[%clk 00:20:36]} {[%emt
00:00:42]} 56. Rd4 {[%clk 00:04:12]} {[%emt 00:00:46]} Ka7 {[%clk 00:20:11]}
{[%emt 00:00:56]} 57. Bg1 {[%clk 00:04:16]} {[%emt 00:00:25]} Kb8 {[%clk
00:20:29]} {[%emt 00:00:11]} 58. Bf2 {[%clk 00:04:08]} {[%emt 00:00:39]} Kc7
{[%clk 00:20:45]} {[%emt 00:00:13]} 59. Kg1 {[%clk 00:03:46]} {[%emt 00:00:53]}
Ne7 {[%clk 00:16:49]} {[%emt 00:04:25]} 60. Qxc6+ {[%clk 00:03:27]} {[%emt
00:00:50]} Nxc6 {[%clk 00:17:02]} {[%emt 00:00:17]} 61. Rxd7+ {[%clk 00:03:22]}
{[%emt 00:00:35]} Kxd7 {[%clk 00:17:21]} {[%emt 00:00:11]} 62. Be1 {[%clk
00:03:41]} {[%emt 00:00:11]} Ne7 {[%clk 00:17:11]} {[%emt 00:02:46]} 63. Kf2
{[%clk 00:03:47]} Kc6 {[%clk 00:17:21]} 64. Ke3 Kd5 65. Kd3 Nf5 66. Bf2 Nh6 67.
Be3 Ng8 68. Bf2 Ne7 69. Be1 Nc6 70. Bc3 Nb8 71. Bd2 Na6 72. Bc3 Nc7 73. Be1 Ne8
74. Bf2 Ng7 75. Bg1 Nf5 76. Bf2 1/2-1/2

[Event "DVM U20 2020"]
[Site "Willingen GER"]
[Date "2021.06.24"]
[Round "1"]
[White "Perkampus, Laurin"]
[Black "Niemann, Leon"]
[Result "1-0"]
[Termination "normal"]
[Board "1.6"]
[WhiteElo "1920"]
[BlackElo "1838"]
[WhiteClock "00:07:36"]
[BlackClock "00:00:44"]
[WhiteTeam "Schachgemeinschaft Porz e. V."]
[BlackTeam "SK Lehrte von 1919 e. V."]
[PlyCount "49"]
[WhiteFideId "16232283"]
[BlackFideId "16218388"]
[EventCountry "GER"]
[EventRounds "7"]
[EventType "team-swiss"]
[EventDate "2021.06.23"]

1. d4 {[%clk 01:30:56]} {[%emt 00:00:03]} Nf6 {[%clk 01:30:59]} {[%emt
00:00:02]} 2. c4 {[%clk 01:31:18]} {[%emt 00:00:08]} c5 {[%clk 01:31:26]}
{[%emt 00:00:02]} 3. d5 {[%clk 01:31:43]} {[%emt 00:00:05]} b5 {[%clk
01:31:54]} {[%emt 00:00:03]} 4. cxb5 {[%clk 01:31:47]} {[%emt 00:00:27]} a6
{[%clk 01:32:20]} {[%emt 00:00:04]} 5. bxa6 {[%clk 01:32:11]} {[%emt 00:00:04]}
g6 {[%clk 01:32:46]} {[%emt 00:00:04]} 6. Nc3 {[%clk 01:32:29]} {[%emt
00:00:12]} Bg7 {[%clk 01:33:10]} {[%emt 00:00:06]} 7. e4 {[%clk 01:32:51]}
{[%emt 00:00:08]} O-O {[%clk 01:33:34]} {[%emt 00:00:06]} 8. e5 {[%clk
01:32:30]} {[%emt 00:00:51]} Ne8 {[%clk 01:33:54]} {[%emt 00:00:11]} 9. h4
{[%emt 00:26:23]} Qa5 10. h5 {[%clk 01:09:11]} {[%emt 00:08:36]} Bxe5 {[%clk
01:18:51]} {[%emt 00:05:23]} 11. Bd2 {[%clk 00:54:06]} {[%emt 00:15:34]} Bxa6
{[%clk 01:07:26]} {[%emt 00:11:56]} 12. Qf3 {[%clk 00:47:20]} {[%emt 00:07:14]}
Bxf1 {[%clk 00:58:57]} {[%emt 00:09:00]} 13. Kxf1 {[%clk 00:47:21]} {[%emt
00:00:27]} Qa6+ {[%clk 00:57:16]} {[%emt 00:02:13]} 14. Nge2 {[%clk 00:46:13]}
{[%emt 00:01:37]} Qf6 {[%clk 00:48:46]} {[%emt 00:09:01]} 15. Qh3 {[%clk
00:43:16]} {[%emt 00:03:25]} Qh8 {[%clk 00:38:42]} {[%emt 00:10:36]} 16. Re1
{[%clk 00:32:22]} {[%emt 00:11:24]} Ra6 {[%clk 00:30:27]} {[%emt 00:08:45]} 17.
Nf4 {[%clk 00:28:00]} {[%emt 00:04:52]} Bf6 {[%clk 00:23:12]} {[%emt 00:07:46]}
18. Qg3 {[%clk 00:18:52]} {[%emt 00:09:37]} Qg7 {[%clk 00:16:13]} {[%emt
00:07:29]} 19. Nd3 {[%clk 00:11:29]} {[%emt 00:07:53]} d6 {[%clk 00:13:38]}
{[%emt 00:03:05]} 20. hxg6 {[%clk 00:10:26]} {[%emt 00:01:33]} Qxg6 {[%clk
00:12:42]} {[%emt 00:01:26]} 21. Qh3 {[%clk 00:08:56]} {[%emt 00:02:56]} e5
{[%emt 00:10:47]} 22. Re3 {[%clk 00:07:04]} Bg5 {[%clk 00:04:09]} {[%emt
00:00:30]} 23. Rg3 {[%emt 00:06:35]} f6 {[%clk 00:01:02]} 24. Bxg5 {[%emt
00:00:01]} fxg5 {[%clk 00:00:44]} 25. Rxg5 {[%clk 00:07:36]} 1-0